|
|
|
|
| LEADER |
00930nam a2200229 u 4500 |
| 001 |
10110246 |
| 003 |
GR-PaULI |
| 005 |
20220412140804.0 |
| 008 |
130626s1999 uk eng |
| 952 |
|
|
|0 0
|1 0
|4 0
|6 843_912000000000000_BRE
|7 0
|9 156338
|a LISP
|b LISP
|c BSC
|d 2016-04-24
|i 116568
|l 1
|o 843.912 BRE
|p 025000171121
|r 2018-10-22 00:00:00
|s 2018-10-05
|t 1
|w 2016-04-24
|y BK15
|
| 999 |
|
|
|c 99090
|d 99090
|
| 020 |
|
|
|a 0141180897
|
| 040 |
|
|
|a GR-PaULI
|c GR-PaULI
|b gre
|e AACR2
|
| 041 |
1 |
|
|a eng
|h fre
|
| 082 |
0 |
4 |
|a 843.912
|2 23
|
| 100 |
1 |
|
|a Breton, Andre,
|d 1896-1966
|4
|e συγγραφέας.
|9 26481
|
| 245 |
1 |
0 |
|a Nadja /
|c Andre Breton ; translated from the french by Richard Howard ; with an introduction by Mark Polissotti.
|
| 260 |
|
|
|a London :
|b Penguin Books,
|c 1999.
|
| 300 |
|
|
|a xxvii, 160 σ. ;
|c 18 εκ.
|
| 700 |
1 |
|
|a Howard, Richard
|4
|9 84947
|e μεταφραστής.
|
| 942 |
|
|
|2 ddc
|c BK15
|
| 998 |
|
|
|c ΜΠΟΥΡΑΣ
|d 2013-06
|